The wanderings of peoples, (Record no. 92017)

MARC details
000 -LEADER
fixed length control field 00809cam a22002411 4500
001 - CONTROL NUMBER
control field w 12000075
003 - CONTROL NUMBER IDENTIFIER
control field DLC
005 - DATE AND TIME OF LATEST TRANSACTION
control field 20260227112807.0
008 - FIXED-LENGTH DATA ELEMENTS--GENERAL INFORMATION
fixed length control field 721107s1911 enkb b 000 0 eng c
010 ## - LIBRARY OF CONGRESS CONTROL NUMBER
LC control number w 12000075
035 ## - SYSTEM CONTROL NUMBER
System control number (OCoLC)487775
040 ## - CATALOGING SOURCE
Original cataloging agency Washington D.C. Pub. Library
Transcribing agency ODaWU
Modifying agency OCoLC
-- DLC
042 ## - AUTHENTICATION CODE
Authentication code premarc
050 00 - LIBRARY OF CONGRESS CALL NUMBER
Classification number GF101
Item number .H3
100 1# - MAIN ENTRY--PERSONAL NAME
Personal name Haddon, Alfred C.
Fuller form of name (Alfred Cort),
Dates associated with a name 1855-1940
245 14 - TITLE STATEMENT
Title The wanderings of peoples,
Statement of responsibility, etc. by A. C. Haddon ... With five maps.
260 ## - PUBLICATION, DISTRIBUTION, ETC.
Place of publication, distribution, etc. Cambridge [Eng.]
Name of publisher, distributor, etc. The University press,
Date of publication, distribution, etc. 1911.
300 ## - PHYSICAL DESCRIPTION
Extent vii, 124 p.
Other physical details 5 fold. maps.
Dimensions 17 cm.
440 #4 - SERIES STATEMENT/ADDED ENTRY--TITLE
Title The Cambridge manuals of science and literature
500 ## - GENERAL NOTE
General note Title within ornamental border.
504 ## - BIBLIOGRAPHY, ETC. NOTE
Bibliography, etc. note Bibliographies at end of chapters.
650 #0 - SUBJECT ADDED ENTRY--TOPICAL TERM
Topical term or geographic name entry element Migrations of nations.

No items available.

Powered by Koha